000 00290nam a2200133Ia 4500
005 20251222155210.0
008 251222s9999||||xx |||||||||||||| ||spa||
082 _aESC.71
100 _aPRO-VIDA.
245 0 _aVademecum popular
250 _aLima ed.
264 _bProvida
942 _cLIB
999 _c40267
_d40267